000 00474 a2200157 4500
020 _a8120327225
040 _aDLC
_bDLC
082 _a621.381
100 _aMaheshwari, L. K.
245 _aAnalog electronics
_cL. K. Maheshwari and M.M.S. Anand.
260 _aNew Delhi :
_bPPrentice-Hall of India,
_c2005.
300 _axii, 690 p. :
_bill. ;
_c26 cm.
650 _a1.Analog electronic systems. 2.Signal processing.
700 _aAnand, M.M.S.
942 _cBK
_k621.381 MAH
_2ddc
999 _c7995
_d7995